Catálogo

TEMAS SELECTOS DE DERECHO CORPORATIVO (Registro nro. 49705)

Detalles MARC
000 -LEADER
fixed length control field 00874nam a2200193 a 4500
001 - CONTROL NUMBER
control field 49705
005 - DATE AND TIME OF LATEST TRANSACTION
control field 20180714034511.0
008 - FIXED-LENGTH DATA ELEMENTS--GENERAL INFORMATION
fixed length control field 140415s2000 mx 000 0 spa d
020 ## - INTERNATIONAL STANDARD BOOK NUMBER
International Standard Book Number 9700739945
041 ## - LANGUAGE CODE
Language code of text/sound track or separate title spa
082 ## - DEWEY DECIMAL CLASSIFICATION NUMBER
Classification number 346.7207
Item number AYL
100 1# - MAIN ENTRY--PERSONAL NAME
Personal name AYLLON GONZALEZ, MA. ESTELA
245 10 - TITLE STATEMENT
Title TEMAS SELECTOS DE DERECHO CORPORATIVO
250 ## - EDITION STATEMENT
Edition statement 2a ed.
260 ## - PUBLICATION, DISTRIBUTION, ETC.
Place of publication, distribution, etc. MEXICO :
Name of publisher, distributor, etc. PORRUA,
Date of publication, distribution, etc. 2000
300 ## - PHYSICAL DESCRIPTION
Extent 411
Dimensions 22.9 x 15.6 x 2
520 ## - SUMMARY, ETC.
Summary, etc. REUNE UNA SERIE DE ARTICULOS LOS ESCRITOS POR ESPECIALISTAS EN TEMAS SOBRE DERECHO MERCANTIL,PROPIEDAD INTELECTUAL DERECHO LABORAL, DERECHO AMBIENTAL, DERECHO CONSTITUCIONAL Y METODOLOGIA JURIDICA , DISCIPLINAS QUE COMPRENDEN EL LLAMADO DERECHO CORPORATIVO Y EN VIRTUD DE LA GLOBALIZACION DE INTERE PARA LOS JURISTAS.
650 14 - SUBJECT ADDED ENTRY--TOPICAL TERM
Topical term or geographic name entry element COMERCIO EXTERIOR
General subdivision MEXICO
-- DERECHO PUBLICO
-- MEXICO
-- RELACIONES LABORALES
Existencias
Withdrawn status Lost status Source of classification or shelving scheme Damaged status Not for loan Home library Current library Shelving location Date acquired Source of acquisition Total Checkouts Full call number Barcode Price effective from Koha item type Collection code Inventory number Date last seen Date last checked out Checked out
  Extraviado Dewey Decimal Classification     Biblioteca Karol Wojtyla Biblioteca Karol Wojtyla   03/12/2013 Compra   346.7207 AYL 74261 03/12/2013 Libro          
    Dewey Decimal Classification     Biblioteca Karol Wojtyla Biblioteca Karol Wojtyla Sala general 03/12/2013 Compra 3 346.7207 AYL 74263 03/12/2013 Libro General 151000000000000000049962 05/01/2026 14/03/2022  
    Dewey Decimal Classification     Biblioteca Karol Wojtyla Biblioteca Karol Wojtyla Sala general 03/12/2013 Compra 1 346.7207 AYL 74262 03/12/2013 Libro General   17/08/2018 17/08/2018 31/08/2018